1087 1013 1153 1773 1103 1764 1672 1008 1770 1085 1024 1109 1277 1151 1770 1550 1610 1312 1861 1772 1574 1466 1726 1174 1978 1049 1278 1415 1782 1245 1259 1409 1359 1633 1806 1182 1940 1624 1122 1160 1058 1101 1369 1892 1083 1703 1934 1212 1833 1511 1250 1016 1342 1856 1439 1564 1226 1834 1182 1747 1864 1609 1561 1088 1668 1032 1293 1109 1690 1100 1981 1626 1330 1803 1186 1779 1999 1847 1209 1954 1535 1797 1034 1464 1871 1853 1229 1057 1938 1071 1409 1173 1237 1967 1955 1325 1906 1318 1026 BCNSPRNW ULIB Ver.6.0+V

เปลี่ยนเป็นภาษาไทย

Change to English
 แสดงรายละเอียดบรรณานุกรม
  กลับหน้าหลัก

Brief Record : Get Marc (ISO 2709) : E-mail record : QR code < ปิดหน้าต่าง
LEADER : 00000nam 2200000uu 4500
001    13399110661
003     ULIB
008    110607s2551||||th 000 0 tha d
024    9789742585181
090    นว^bภ416s 2551
100 0  ภาคินัย
245 00 Lift ลิฟต์ซ่อนศพ^bภาคินัย
260    กรุงเทพฯ :^bโซฟา,2551
300    220 หน้า
945    ^p219^l0^i030130
995    เกษร
999    ^aใช้งานได้ทุกระบบ
รายการนี้ยังไม่มีแท็ก
คุณยังไม่ได้ล็อกอิน คุณสามารถมีกิจกรรมร่วมกับเว็บไซต์ได้ แต่ต้องล็อกอินก่อน ::
  ล็อกอิน

รายการสื่อสารสนเทศ

ลำดับที่ ประเภท เลขเรียก/บาร์โค้ด สถานที่ สถานะ
- ไม่พบข้อมูล -

รายการใกล้เคียง
    ผู้แต่ง [ภาคินัย]

BibComment


ยังไม่เคยถูกคอมเมนท์

คอมเมนท์ทรัพยากรรายการนี้
  คอมเมนท์: Lift ลิฟต์ซ่อนศพ ..


 Copyright 2026. Bcnsprnw @Library